000 00502nam a2200157 i 4500
001 135519
003 ES-MaACL
005 20230906194910.0
007 t|
008 070719s1943 sp ||||1| spa d
100 1 _aTorrent i Fàbregas, Joan.
_9110838
245 1 0 _aJulio Verne o la pasión científico-geográfica del siglo XIX /
_cJuan Torrent Fábregas.
260 _aBarcelona :
_bEdiciones Mediterráneas,
_c1943.
300 _a245 p. :
_bil. ;
_c19 cm.
852 _aES-MaACL
_jF-15999
_bR.20750
999 _c135519
_d135519